Welcome to the Holygrace Academy Library

Please use search bar below to get started

LULU AND THE HAMSTER IN THE NIGHT (Record no. 8726)

MARC details
000 -LEADER
fixed length control field 00353nam a22001337a 4500
082 ## - DEWEY DECIMAL CLASSIFICATION NUMBER
Classification number 823
Item number MCK/L
100 ## - MAIN ENTRY--AUTHOR NAME
Personal name MCKAY, HILARY
245 ## - TITLE STATEMENT
Title LULU AND THE HAMSTER IN THE NIGHT
246 ## - VARYING FORM OF TITLE
Title proper/short title LULU AND THE HAMSTER IN THE NIGHT
Remainder of title LULU AND THE HAMSTER IN THE NIGHT
260 ## - PUBLICATION, DISTRIBUTION, ETC. (IMPRINT)
Place of publication U K
Name of publisher SCHOLASTIC
Year of publication 2013
300 ## - PHYSICAL DESCRIPTION
Number of Pages 98
650 ## - SUBJECT ADDED ENTRY--TOPICAL TERM
Topical Term ENGLISH FICTION
942 ## - ADDED ENTRY ELEMENTS (KOHA)
Koha item type Books
Holdings
Withdrawn status Lost status Collection code Home library Current library Date acquired Source of acquisition Cost, normal purchase price Full call number Accession Number Koha item type
    Fiction Main Library Main Library 29/10/2019 PURCHASED 75.00 823 MCK/L 11850 Books